000 00620nam a2200229Ia 4500
003 OSt
005 20220918200617.0
006 a|||||r|||| 00| 0
007 ta
008 220917b |||||||| |||| 00| 0 eng d
024 _a89,509
037 _cTextual
040 _aARTS
_cARTS
_beng
041 _2eng
_aeng
082 _aU47.682.N5, K0 (906)
100 _aSimoons Frederick J
_994827
245 0 _aNorthwest Ethiopia
_b people and economy
260 _c1960
650 _aHUMAN GEOGRAPHY
_91464
942 _hU47.682.N5, K0 (906)
_cTEXL
_2CC
999 _c213179
_d213179